000 00597nam a2200241 a 4500
001 nice12345678
003 IN_TiNIC
005 20260116012632.0
008 050524s1974 fora grp 000 0 eng
020 _a
_c2.5
082 0 0 _a269.2
_bELD
100 _aElder, John
245 _aBiblical Approach to the Muslim
260 _aFort Washington PA
_bWorldwide Evangelization Crusade
_c1974
300 _a135p
500 _aincludes index and biblioraphy
505 2 _aIndex
650 _aEvangelistic Work
700 1 _aElder, John
902 _bSRS
942 _cBK
999 _c7747
_d7747